Premier League 21/22 matchweek 11 King of the match - Statistics

General Stats
  • This quiz has been taken 12 times
  • The average score is 4 of 10
Answer Stats
Hint Answer % Correct
Man United 0-2 Man City Joao Cancelo
73%
Crystal Palace 2-0 Wolves Conor Gallagher
64%
Arsenal 1-0 Watford Emile Smith-Rowe
64%
West Ham 3-2 Liverpool Trent Alexander-Arnold
45%
Southampton 1-0 Aston Villa Tino Livramento
36%
Brentford 1-2 Norwich Mathias Normann
27%
Chelsea 1-1 Burnley Reece James
27%
Brighton 1-1 Newcastle Leandro Trossard
18%
Leeds 1-2 Leicester Raphinha
18%
Everton 0-0 Tottenham Cristian Romero
9%
No matching quizzes found
Score Distribution
Percent of People with Each Score
Percentile by Number Answered
Your Score History
You have not taken this quiz